| 000 | 01281nam a2200301 c 4500 | ||
|---|---|---|---|
| 003 | BLK | ||
| 005 | 20180422120844.0 | ||
| 008 | 180411b bul|||||r ||||||| ||bul|| | ||
| 010 | _aKNG00217175000 | ||
| 040 | _aBLK | ||
| 041 |
_aBUL _cBUL |
||
| 080 |
_aРуска литература _b821.161.1 _x-31 _z821.161.1-31 |
||
| 100 | 1 |
_aЧаковски, Александър Борисович _eпърви автор _9140740 |
|
| 700 | 1 |
_aМисирков, Борис Сергеев _eпрев. от рус. _9363376 |
|
| 139 |
_aЧаковски, Александър Борисович _bЧ 18 |
||
| 245 | 1 | 0 |
_aНедовършеният портрет _bРоман _cАлександър Борисович Чаковски; прев. от рус. Борис Сергеев Мисирков. |
| 257 | _aRUS | ||
| 260 |
_аСофия _bПартиздат _c1985 |
||
| 300 |
_a392 с. _c20 см |
||
| 380 | _aX | ||
| 490 | 1 | _aСъветска съвременна проза | |
| 500 | _aОриг. загл. Неоконченный портрет / Александр Чаковский. - 50 110 тир. | ||
| 852 | _aЦб 135685 | ||
| 856 | 4 |
_qpdf _u |
|
| 856 | 4 |
_qpdf _u |
|
| 942 |
_cKNG _n0 |
||
| 944 |
_aCR _c12.03.2018 _kСимона_Петрова |
||
| 944 |
_aED _c12.03.2018 _kСимона_Петрова |
||
| 999 |
_c207413 _d207413 |
||